01242nam a2200313 a 4500001001100000003000800011006001900019007001500038008004100053010001700094020001500111040002100126035002100147050002700168082002200195245008800217260004400305300002300349504006400372533015200436650004100588650003000629650004100659651003500700655002900735700002200764710001700786856012500803ebr5001286CaPaEBRm u cr cn|||||||||990513s2000 enka sb 001 0 eng  z 99031496  z0415182085 aCaPaEBRcCaPaEBR a(OCoLC)64689181414aHN400.3.A8bH57 2000eb04a307.1/4/0941522102aA history of settlement in Irelandh[electronic resource] /cedited by Terry Barry. aLondon ;aNew York :bRoutledge,c2000. axv, 296 p. :bill. aIncludes bibliographical references (p. 248-282) and index. aElectronic reproduction.bPalo Alto, Calif. :cebrary,d2013.nAvailable via World Wide Web.nAccess may be limited to ebrary affiliated libraries. 0aHuman settlementszIrelandxHistory. 0aHuman geographyzIreland. 0aLandscape changeszIrelandxHistory. 0aIrelandxHistorical geography. 7aElectronic books.2local1 aBarry, Terence B.2 aebrary, Inc.40uhttp://site.ebrary.com/lib/rucke/Doc?id=5001286zAn electronic book accessible through the World Wide Web; click to view